V zajatí nádeje

Bibliographic Details
Main Author: Slavka, Michal, 1921-2016 (Author)
Format: Article
Language:Slovak
ISSN:1335-64X
Subjects:

MARC

LEADER 00000nab a2200000 a 4500
001 vtls000791737
003 SK-MaSNL
005 20260303072800.0
008 180205c2002 xo 0 slo
015 |a SNBRB2002/04-14086 
035 |a CLN000143392 
040 |a SNKBUCL  |b slo  |c SNKBUCL  |e AACR2 
041 0 |a slo 
044 |a xo  |c SK 
080 |a 241.512  |2 UDC-MRF-SK2 
100 1 |a Slavka, Michal,  |d 1921-2016  |4 aut  |9 215860 
245 1 0 |a V zajatí nádeje  |c M. Slavka 
650 0 7 |a kresťanská nádej  |2 snkbucl  |9 22786 
655 7 |a články z novín a časopisov  |2 snkbucl  |9 267496 
773 0 |x 1335-64X  |t Cestou svetla  |g Roč. 13, č. 2 (2002), s. 5-6 
850 |a Slovenská národná knižnica v Martine 
852 |a SNK  |b KIS3GCP 
958 |a RBX 
999 |c 1764744  |d 1766674